| 000 | 00393nam a2200157Ia 4500 | ||
|---|---|---|---|
| 003 | Ost | ||
| 005 | 20260225132544.0 | ||
| 008 | 260225s9999||||xx |||||||||||||| ||und|| | ||
| 040 | _cfsic | ||
| 041 | _afre | ||
| 082 | _a440 | ||
| 100 |
_astanisles de gozdawa golewski _eAuteur |
||
| 245 | 0 | _apsychoscpie des relatuns syndicales / | |
| 245 | 0 | _cstanisles de gozdawa golewski | |
| 942 | _cكتاب | ||
| 999 |
_c33699 _d33699 |
||